Score 0/48 Timer 06:00
6 Plays Today
Set % Correct
Olympics Host Cities???
84.2%
Olympics Host Cities???
74.7%
Olympics Host Cities???
64%
Harry Potter Books???
52%
Harry Potter Books???
51.4%
Harry Potter Books???
51.3%
Harry Potter Books???
51.3%
Harry Potter Books???
51%
US Presidents???
50.5%
Countries???
48.4%
US Presidents???
47.7%
US Presidents???
47.5%
Countries???
47.3%
US Presidents???
46.7%
Olympics Host Cities???
46%
US Presidents???
45.9%
Olympics Host Cities???
45.6%
Countries???
43.5%
Countries???
41.5%
Harry Potter Books???
40.6%
Harry Potter Books???
40.6%
Harry Potter Books???
40.6%
Countries???
39.2%
US Presidents???
37%
Set % Correct
US Presidents???
37%
US Presidents???
37%
Periodic Table Elements???
35.8%
Periodic Table Elements???
35.4%
Greek Gods/Goddesses???
34.6%
Periodic Table Elements???
33.6%
Greek Gods/Goddesses???
33.4%
Greek Gods/Goddesses???
32.8%
Greek Gods/Goddesses???
31.3%
Periodic Table Elements???
30.2%
Countries???
30.1%
Countries???
30.1%
Countries???
30.1%
Olympics Host Cities???
28.6%
Greek Gods/Goddesses???
28.6%
Olympics Host Cities???
28.6%
Olympics Host Cities???
28.6%
Periodic Table Elements???
27.9%
Greek Gods/Goddesses???
21.8%
Greek Gods/Goddesses???
21.8%
Greek Gods/Goddesses???
21.8%
Periodic Table Elements???
21.7%
Periodic Table Elements???
21.7%
Periodic Table Elements???
21.7%
Remove Ads.
Support Sporcle.
Get the best of Sporcle when you Go Orange. This ad-free experience offers more features, more stats, and more fun while also helping to support Sporcle. Thank you for becoming a member.

You're not logged in!

Compare scores with friends on all Sporcle quizzes.
OR
Log In

Sporcle TV

Today on Sporcle TV


Watch our educational content, quiz creation guides, and fun videos on Sporcle TV.

Show Comments

Extras

Top Quizzes Today


Score Distribution

Paid Content

Your Account Isn't Verified!

In order to create a playlist on Sporcle, you need to verify the email address you used during registration. Go to your Sporcle Settings to finish the process.

Report this User

Report this user for behavior that violates our Community Guidelines.

Details: